| 000 | 00472cam a2200181ua 4500 | ||
|---|---|---|---|
| 020 |
_a81 85623 95 3 _c496.00 |
||
| 041 |
_aeng _h |
||
| 082 |
_a005.43 _bLIV/WI |
||
| 100 | _aLivingston, Brain . | ||
| 245 |
_aWindows 3.1 secrets / _cBrain Livingston. _hTextual Documents |
||
| 250 |
_a1 / _b. |
||
| 260 |
_aNewdelhi : _bGalgolia publications pvt ltd , _c1993. |
||
| 300 | _a979 ; . | ||
| 365 | _a496.00 | ||
| 504 | _a | ||
| 942 | _cBK | ||
| 999 |
_c9811 _d9811 |
||